|
|
|
|
| LEADER |
00000nam0a2200000 4500 |
| 001 |
140746 |
| 005 |
20231031142140.0 |
| 010 |
|
|
|a 9785482018781
|
| 035 |
|
|
|a (RuTPU)RU\TPU\book\152491
|
| 090 |
|
|
|a 140746
|
| 100 |
|
|
|a 20080707d2008 m y0rusy50 ca
|
| 101 |
0 |
|
|a rus
|
| 102 |
|
|
|a RU
|
| 105 |
|
|
|a a j 001zy
|
| 200 |
1 |
|
|a Линейная алгебра и аналитическая геометрия
|e учебник
|f В. А. Ильин, Г. Д. Ким
|g Московский государственный университет им. М. В. Ломоносова (МГУ)
|
| 205 |
|
|
|a 3-е изд., перераб. и доп.
|
| 210 |
|
|
|a Москва
|c Проспект
|c Изд-во Московского ун-та
|d 2008
|
| 215 |
|
|
|a 400 с.
|c ил.
|
| 225 |
1 |
|
|a Классический университетский учебник
|
| 320 |
|
|
|a Предметный указатель: с. 388-392.
|
| 330 |
|
|
|a Книга представляет собой учебник по объединенному курсу линейной алгебры и аналитической геометрии, в основу которого легли лекции, читавшиеся авторами в Московском государственном университете им. М. В. Ломоносова. В изложении материала, вполне традиционного по своей тематике, авторы придерживаются тенденции объединения двух математических дисциплин в одну, добиваясь лаконичности геометрических доказательств и наглядности алгебраических абстракций. Наряду с традиционными темами книга содержит сведения из общей алгебры, элементы теории множеств, метрических и нормированных пространств. Особое внимание уделяется вычислительным аспектам алгебраических методов. Для студентов университетов и вузов, обучающихся по специальностям «Математика», «Прикладная математика», «Информатика».
|
| 451 |
|
1 |
|0 (RuTPU)RU\TPU\book\10198
|y 5-211-03814-2
|t Линейная алгебра и аналитическая геометрия
|o учебник
|f В. А. Ильин, Г. Д. Ким
|c М.
|n Изд-во МГУ
|d 1998
|p 320 с.
|a Ильин, Владимир Александрович
|
| 610 |
1 |
|
|a линейная алгебра
|
| 610 |
1 |
|
|a аналитическая геометрия
|
| 610 |
1 |
|
|a учебники
|
| 610 |
1 |
|
|a матрицы
|
| 610 |
1 |
|
|a множества
|
| 610 |
1 |
|
|a эквивалентность
|
| 610 |
1 |
|
|a отображения
|
| 610 |
1 |
|
|a геометрические векторы
|
| 610 |
1 |
|
|a линейные пространства
|
| 610 |
1 |
|
|a векторная алгебра
|
| 610 |
1 |
|
|a системы линейных уравнений
|
| 610 |
1 |
|
|a алгебраические линии
|
| 610 |
1 |
|
|a многочлены
|
| 610 |
1 |
|
|a линейные пространства
|
| 610 |
1 |
|
|a евклидовы пространства
|
| 610 |
1 |
|
|a унитарные пространства
|
| 610 |
1 |
|
|a линейные операторы
|
| 610 |
1 |
|
|a билинейные формы
|
| 610 |
1 |
|
|a квадратичные формы
|
| 610 |
1 |
|
|a прикладная математика
|
| 610 |
1 |
|
|a математика
|
| 610 |
1 |
|
|a информатика
|
| 675 |
|
|
|a 512.64(075.8)
|v 3
|
| 675 |
|
|
|a 514.12(075.8)
|v 3
|
| 700 |
|
1 |
|a Ильин
|b В. А.
|g Владимир Александрович
|
| 701 |
|
1 |
|a Ким
|b Г. Д.
|g Галина Динховна
|
| 712 |
0 |
2 |
|a Московский государственный университет им. М. В. Ломоносова (МГУ)
|2 stltpush
|3 (RuTPU)RU\TPU\col\7
|
| 801 |
|
1 |
|a RU
|b 63413507
|c 20080707
|g PSBO
|
| 801 |
|
2 |
|a RU
|b 63413507
|c 20201201
|g PSBO
|
| 900 |
|
|
|a Линейная алгебра и аналитическая геометрия
|
| 942 |
|
|
|c BK
|
| 952 |
|
|
|b 010100
|b 010101
|b 010200
|b 010500
|b 010501
|
| 959 |
|
|
|a 69/20080701
|d 2
|e 162,00
|f ЧЗТЛ:1
|f АНЛ:1
|